Tratado contra el método: esquema de una teoría anarquista del conocimiento
Gespeichert in:
| 1. Verfasser: | |
|---|---|
| Format: | Buch |
| Sprache: | Spanisch |
| Veröffentlicht: |
Madrid
Tecnos
1981
|
| Schriftenreihe: | Filosofía y Ensayo
|
| Schlagworte: | |
| Tags: |
Tag hinzufügen
Keine Tags, Fügen Sie den ersten Tag hinzu!
|
MARC
| LEADER | 00000nam a2200000 a 4500 | ||
|---|---|---|---|
| 001 | UCO1739 | ||
| 003 | CL-VaPUC | ||
| 008 | 000519e19810000SP |||||||||||||||||spa|d | ||
| 082 | 0 | 4 | |a 501 |b FEY |2 21 |
| 100 | |a Feyerabend, Paul Karl |e author |9 327225 | ||
| 245 | 1 | 0 | |a Tratado contra el método: esquema de una teoría anarquista del conocimiento |
| 300 | |a 319 p | ||
| 942 | |c BK | ||
| 945 | |d 20000519 00:00:00 |a vberengu | ||
| 260 | |a Madrid |b Tecnos |c 1981 | ||
| 650 | 0 | |a Filosofía de las ciencias |9 256466 | |
| 650 | 0 | |a Metodología |9 256610 | |
| 650 | 0 | |a Racionalismo |9 259116 | |
| 583 | |a last modification |c 20000519 00:00:00 |k Rodrigo Vera | ||
| 490 | 0 | |a Filosofía y Ensayo | |
| 999 | |c 288339 |d 288337 | ||